000 01180cas a22002415a 4500
001 ##L313
008 070608d19742005xxkfr p 0 a0eng
022 1 _a1364-9515
035 _a(Sirsi) u98938
041 0 _aeng
245 0 0 _aFarmland Market
260 _aSutton
_bReed Business Publishing
_c1974-2011
362 _a(1) February 1974-(64) Autumn 2005
520 _aPublished in association with RICS this journal provides latest livestock quota values, milk quota index figures, details of the cost of long term finance and farmland values for Europe and North America. Figures from MAFF/DEFRA, the RICS Farmland Price Index, the RICS Rural Land Market Survey Great Britain, IPD, and FPD Savills are given for England and Wales together with a county by county analysis.
520 _aLast issue was in 2011. After this RICS published digitally the Farmland Market Directory of Land Prices.
650 2 4 _aRICS FARMLAND PRICE INDEX
650 2 4 _aRICS RURAL LAND MARKET SURVEY GREAT BRITAIN
651 4 _aEUROPE
651 4 _aNORTH AMERICA
690 _aPROPERTY-RURAL AND NATURAL ASSETS-RURAL AND NATURAL ASSET MARKET
942 _n0
_2ddc
948 _c19/09/1994
999 _c118593
_d118593